Satellite Award for Best Actress – Television Series Musical or Comedy - Statistics

General Stats
  • This quiz has been taken 3 times
  • The average score is 2 of 22
Answer Stats
Year Actress % Correct
2000 Lisa Kudrow
100%
2012 Kaley Cuoco
50%
2007 America Ferrera
0%
2002 Debra Messing
0%
2001 Debra Messing
0%
1998 Ellen DeGeneres
0%
2005 Felicity Huffman
0%
1999 Illeana Douglas
0%
1996 Jane Curtin
0%
2003 Jane Kaczmarek
0%
2010 Laura Linney
0%
2009 Lea Michele
0%
2006 Marcia Cross
0%
2011 Martha Plimpton
0%
2005 Mary-Louise Parker
0%
2014 Mindy Kaling
0%
2004 Portia de Rossi
0%
2016 Taylor Schilling
0%
2015 Taylor Schilling
0%
2013 Taylor Schilling
0%
2008 Tracey Ullman
0%
1997 Tracey Ullman
0%
No matching quizzes found
Score Distribution
Percent of People with Each Score
Percentile by Number Answered
Your Score History
You have not taken this quiz